[Event "Marseille op"]
[Site "Marseille"]
[Date "2003.12.27"]
[Round "1"]
[White "Aggoune, Eddy"]
[Black "Petrossian, Armen"]
[Result "0-1"]
[WhiteElo "1690"]
[BlackElo "2295"]
[PlyCount "44"]
[EventDate "2003.12.26"]
[EventType "swiss"]
[EventRounds "9"]
[EventCountry "FRA"]
[SourceTitle "CBM 097 Extra"]
[Source "ChessBase"]
[SourceDate "2004.01.13"]
[SourceVersion "1"]
[SourceVersionDate "2004.01.13"]
[SourceQuality "1"]

1. e4 e5 2. Nf3 Nc6 3. Nc3 Nf6 4. Bb5 Bb4 5. 0-0 0-0 6. Re1 d6 7. h3 Be6 8. a3 Bxc3 9. bxc3 Ne7 10. d4 c6 11. Bd3 Ng6 12. Rb1 b6 13. a4 c5 14. d5 Bd7 15. c4 Bxa4 16. Ra1 Bd7 17. Qe2 Qc8 18. Bg5 Nh5 19. Qf1 h6 20. Be3 Nhf4 21. Bxf4 Nxf4 22. Re3 Nxh3+ 0-1